[Event "ESP-ch rapid"]
[Site "Linares"]
[Date "2017.08.13"]
[Round "1"]
[White "Ortega Ruiz, Jose Miguel"]
[Black "Cernuda Orejas, Victor Manuel"]
[Result "1-0"]
[WhiteElo "2263"]
[BlackElo "1913"]
[PlyCount "113"]
[EventDate "2017.08.13"]
[EventType "swiss (rapid)"]
[EventRounds "9"]
[EventCountry "ESP"]
[SourceTitle "CBM 179 Extra"]
[Source "ChessBase"]
[SourceDate "2017.08.23"]
[SourceVersion "1"]
[SourceVersionDate "2017.08.23"]
[SourceQuality "1"]

1. d4 c6 2. Nf3 d5 3. c4 Nf6 4. Nc3 Nbd7 5. e3 Nb6 6. b3 Bg4 7. h3 Bxf3 8. Qxf3 e6 9. Bd2 Bb4 10. a3 Bxc3 11. Bxc3 Ne4 12. Ba5 Qf6 13. Qxf6 Nxf6 14. f3 Nbd7 15. g4 h6 16. Bg2 0-0 17. 0-0-0 dxc4 18. bxc4 Nb6 19. Bf1 Rac8 20. e4 Nbd7 21. e5 Nh7 22. f4 Rfe8 23. Bg2 Nb6 24. Bxb6 axb6 25. Rd3 Nf8 26. Kb2 Red8 27. Rhd1 Ng6 28. Rf1 Ra8 29. Be4 Ra4 30. f5 Nf8 31. Rc1 Ra5 32. Rcc3 b5 33. cxb5 Rxb5+ 34. Rb3 Rxb3+ 35. Kxb3 Nd7 36. Kc4 Kf8 37. Rb3 b5+ 38. Kb4 Nb8 39. Kc5 Ke7 40. fxe6 fxe6 41. Rf3 Na6+ 42. Kb6 Rxd4 43. Bxc6 Nb8 44. Bxb5 Re4 45. a4 Nd7+ 46. Bxd7 Kxd7 47. a5 Rb4+ 48. Kc5 Ra4 49. Kb5 Ra1 50. Rf7+ Kc8 51. Rxg7 Rh1 52. a6 Rb1+ 53. Kc6 Rc1+ 54. Kd6 Ra1 55. a7 Ra6+ 56. Kc5 Ra3 57. a8Q+ 1-0

[Event "Gibraltar Amateur op-B"]
[Site "Caleta"]
[Date "2016.01.30"]
[Round "1"]
[White "Cernuda Orejas, Victor Manuel"]
[Black "Kearsley, Raymond J"]
[Result "1-0"]
[WhiteElo "1899"]
[BlackElo "1709"]
[PlyCount "49"]
[EventDate "2016.01.30"]
[EventType "swiss"]
[EventRounds "5"]
[EventCountry "GGB"]
[SourceTitle "CBM 170 Extra"]
[Source "ChessBase"]
[SourceDate "2016.02.25"]
[SourceVersion "1"]
[SourceVersionDate "2016.02.25"]
[SourceQuality "1"]

1. d4 d5 2. c4 e5 3. dxe5 d4 4. Nf3 Nc6 5. Nbd2 Nge7 6. Nb3 Ng6 7. Bg5 Qd7 8. Nbxd4 Ncxe5 9. Qb3 Nxf3+ 10. Nxf3 Bc5 11. Rd1 Bd6 12. c5 h6 13. Be3 Qc6 14. cxd6 cxd6 15. Qc3 Qa4 16. b3 Qe4 17. Qd3 Qb4+ 18. Bd2 Qa3 19. Bc3 0-0 20. Qd4 f6 21. e3 Bf5 22. Bc4+ Kh8 23. 0-0 Ne5 24. Bd5 Bg4 25. Nxe5 1-0

[Event "Valladolid Piolin CC op 5th"]
[Site "Valladolid"]
[Date "2012.08.06"]
[Round "1"]
[White "Cernuda Orejas, Victor Manuel"]
[Black "Santos Martinez, Guillermo"]
[Result "1/2-1/2"]
[WhiteElo "1962"]
[BlackElo "1666"]
[PlyCount "128"]
[EventDate "2012.08.06"]
[EventType "swiss"]
[EventRounds "8"]
[EventCountry "ESP"]
[SourceTitle "EXT 2014"]
[Source "ChessBase"]
[SourceDate "2013.11.20"]
[SourceVersion "1"]
[SourceVersionDate "2013.11.20"]
[SourceQuality "1"]

1. d4 Nf6 2. Bg5 g6 3. Bxf6 exf6 4. e3 Bg7 5. Nd2 0-0 6. Ngf3 d5 7. Bd3 c6 8. 0-0 Nd7 9. Nb3 Re8 10. c4 dxc4 11. Bxc4 Nb6 12. Qc2 Nxc4 13. Qxc4 Be6 14. Qc3 Bd5 15. Nfd2 f5 16. Rfe1 Qg5 17. f3 Bh6 18. e4 fxe4 19. fxe4 Bxb3 20. Nxb3 Qf4 21. Qf3 Qxf3 22. gxf3 Rad8 23. Kf2 Bg7 24. Rad1 Kf8 25. Ke3 Re7 26. h4 h5 27. f4 Rde8 28. e5 f6 29. Kf3 fxe5 30. dxe5 Rf7 31. Kg3 b6 32. Rd6 Bh6 33. Re4 Kg7 34. Rxc6 Ref8 35. Rcc4 Rd8 36. Rcd4 Rxd4 37. Rxd4 Kf8 38. Nd2 Rc7 39. Ne4 Rc2 40. Rd7 Rxb2 41. e6 Bg7 42. Nd6 Re2 43. Rf7+ Kg8 44. e7 Bh6 45. Rf6 Rxe7 46. Rxg6+ Rg7 47. Rxg7+ Bxg7 48. Nc8 a5 49. Nxb6 Bd4 50. Nc4 a4 51. Kf3 Kf7 52. Ke4 Bf2 53. Nb2 Bxh4 54. Nxa4 Be7 55. Nb6 h4 56. a4 h3 57. Kf3 Bd6 58. f5 Kf6 59. a5 Kxf5 60. a6 Bb8 61. Nc8 Ke6 62. a7 Bxa7 63. Kg3 Kd7 64. Kxh3 Kxc8 1/2-1/2

[Event "Valladolid Aficionados op 3rd"]
[Site "Valladolid"]
[Date "2012.08.05"]
[Round "6"]
[White "Cernuda Orejas, Victor Manuel"]
[Black "Blanco de la Rosa, Diego"]
[Result "1-0"]
[WhiteElo "1962"]
[BlackElo "1813"]
[PlyCount "141"]
[EventDate "2012.08.03"]
[EventType "swiss"]
[EventRounds "7"]
[EventCountry "ESP"]
[SourceTitle "EXT 2014"]
[Source "ChessBase"]
[SourceDate "2013.11.20"]
[SourceVersion "1"]
[SourceVersionDate "2013.11.20"]
[SourceQuality "1"]

1. d4 Nf6 2. c4 g6 3. Nc3 d5 4. cxd5 Nxd5 5. Nxd5 Qxd5 6. Bf4 c6 7. e3 Bg7 8. Ne2 Be6 9. Bxb8 Rxb8 10. Nf4 Qa5+ 11. Qd2 Qxd2+ 12. Kxd2 Bf5 13. Bd3 Bd7 14. h4 e5 15. dxe5 Bxe5 16. Rab1 Rd8 17. Ke2 0-0 18. b3 Rfe8 19. Nh3 h6 20. Rbd1 Bc7 21. f3 Kg7 22. Nf2 a5 23. Ne4 Bb6 24. Rc1 Bf5 25. g4 Bxe4 26. fxe4 f6 27. Rh3 Rd6 28. Rf3 Bd8 29. Rcf1 Re5 30. Rg1 Be7 31. h5 Rg5 32. hxg6 Re6 33. e5 Rexe5 34. Bf5 Bb4 35. Rd1 h5 36. Rd7+ Re7 37. Rxe7+ Bxe7 38. Rh3 hxg4 39. Rh7+ Kf8 40. Rh8+ Kg7 41. Rh7+ Kf8 42. Be4 g3 43. Kf1 g2+ 44. Kg1 Bc5 45. Bxg2 Bxe3+ 46. Kf1 Rxg6 47. Rxb7 f5 48. Rc7 c5 49. Bd5 Rf6 50. Ke2 Bd4 51. Ra7 Bc3 52. a3 Ke8 53. Kd3 Bd4 54. Rxa5 Rh6 55. Kc4 f4 56. b4 cxb4 57. Kxd4 bxa3 58. Rxa3 Rh4 59. Bf3 Ke7 60. Ke5 Kd7 61. Ra7+ Ke8 62. Ke6 Kf8 63. Kf6 Rh6+ 64. Kg5 Rb6 65. Kxf4 Ke8 66. Ke5 Kd8 67. Bg4 Ke8 68. Be6 Rb5+ 69. Kf6 Rb8 70. Re7+ Kf8 71. Rh7 1-0